Cuentos extraños para niños peculiares / (Registro nro. 3784)
[ vista simple ]
| 000 -LEADER | |
|---|---|
| fixed length control field | 01074nam a2200301Ia 4500 |
| 003 - CONTROL NUMBER IDENTIFIER | |
| control field | OSt |
| 005 - DATE AND TIME OF LATEST TRANSACTION | |
| control field | 20250801152455.0 |
| 008 - FIXED-LENGTH DATA ELEMENTS--GENERAL INFORMATION | |
| fixed length control field | 191128s9999 xx 000 0 und d |
| 020 ## - INTERNATIONAL STANDARD BOOK NUMBER | |
| International Standard Book Number | 9789588948591 |
| 040 ## - CATALOGING SOURCE | |
| Original cataloging agency | CO-JMCR |
| Transcribing agency | CO-JMCR |
| 041 ## - LANGUAGE CODE | |
| Language code of text/sound track or separate title | spa |
| 082 ## - DEWEY DECIMAL CLASSIFICATION NUMBER | |
| Classification number | J-C |
| Item number | RIGc |
| 100 ## - MAIN ENTRY--PERSONAL NAME | |
| Personal name | Riggs, Ransom, |
| Relator term | autor |
| 9 (RLIN) | 4868 |
| 245 #0 - TITLE STATEMENT | |
| Title | Cuentos extraños para niños peculiares / |
| Statement of responsibility, etc. | [Ransom Riggs] ; Millard Nullings ; ilustraciones de Andrew Davidson ; traducción de Victoria Simó |
| 250 ## - EDITION STATEMENT | |
| Edition statement | Primera edición |
| 260 ## - PUBLICATION, DISTRIBUTION, ETC. | |
| Place of publication, distribution, etc. | Bogotá : |
| Name of publisher, distributor, etc. | Alfaguara, |
| Date of publication, distribution, etc. | 2016 |
| 300 ## - PHYSICAL DESCRIPTION | |
| Extent | 238 páginas : |
| 300 ## - PHYSICAL DESCRIPTION | |
| Other physical details | ilustraciones a blanco y negro ; |
| 300 ## - PHYSICAL DESCRIPTION | |
| Dimensions | 22 cm. |
| 520 ## - SUMMARY, ETC. | |
| Summary, etc. | Antes de que Miss Peregrine les diera un hogar, la historia de los Peculiares se escribía en los cuentos. |
| 534 ## - ORIGINAL VERSION NOTE | |
| Introductory phrase | Tales of the peculiar |
| 546 ## - LANGUAGE NOTE | |
| Language note | Traducido del inglés |
| 650 ## - SUBJECT ADDED ENTRY--TOPICAL TERM | |
| Topical term or geographic name entry element | Cuentos estadounidenses |
| 9 (RLIN) | 767 |
| 700 ## - ADDED ENTRY--PERSONAL NAME | |
| Personal name | Nullings, Millard, |
| Relator term | autor |
| 9 (RLIN) | 4869 |
| 700 ## - ADDED ENTRY--PERSONAL NAME | |
| Personal name | Davidson, Andrew, |
| Relator term | ilustrador |
| 9 (RLIN) | 4870 |
| 700 ## - ADDED ENTRY--PERSONAL NAME | |
| Personal name | Simó, Victoria, |
| Relator term | traductora |
| 9 (RLIN) | 526 |
| 942 ## - ADDED ENTRY ELEMENTS (KOHA) | |
| Source of classification or shelving scheme | Dewey Decimal Classification |
| Koha item type | Books |
| Withdrawn status | Lost status | Source of classification or shelving scheme | Damaged status | Not for loan | Home library | Current library | Date acquired | Source of acquisition | Cost, normal purchase price | Total Checkouts | Total Renewals | Full call number | Barcode | Date last seen | Date last checked out | Copy number | Koha item type |
|---|---|---|---|---|---|---|---|---|---|---|---|---|---|---|---|---|---|
| Dewey Decimal Classification | Biblioteca Pública José María del Castillo y Rada | Biblioteca Pública José María del Castillo y Rada | 11/28/2019 | Donación | 0.00 | 17 | 17 | J-C RIGc | 201808229 | 04/24/2026 | 04/20/2026 | Ej.1 | Books |